Second language acquisition and universal grammar

Na minha lista:
Detalhes bibliográficos
Autor principal: Lydia White
Formato: online
Publicado em: 2011
Tags: Adicionar Tag
Sem tags, seja o primeiro a adicionar uma tag!
Thư viện lưu trữ: Mạng thư viện Đại học Đà Nẵng
LEADER 00713na a2200217 4500
001 000032828
003 8952
005 20151002110603.0
008 151002s2011 000
082 |a 420.4 
100 |a Lydia White 
245 |a Second language acquisition and universal grammar  |c Lydia White 
260 |c 2011 
OWN |a LNN 
AVA |a UDN50  |b LNN  |d 420.4  |e available  |t Error 5001 Not defined in file expand_doc_bib_avail.  |f 1  |g 0  |h N  |i 0  |k 1 
999 |a From the UDN01 
AVA |a UDN50  |b LNN  |d 420.4  |e available  |t Error 5001 Not defined in file expand_doc_bib_avail.  |f 1  |g 0  |h N  |i 0  |k 1 
TYP |a Printed language 
980 |a Mạng thư viện Đại học Đà Nẵng